000 00588cam a22002053a 4500
001 41658
003 PGUSA
005 20140828083935.0
008 121219s2012||||xxu|||||s|||||000 | eng d
040 _aPGUSA
_beng
042 _adc
100 1 _aHornung, E. W.
_q(Ernest William),
_d1866-1921
245 1 4 _aThe Boss of Taroomba
_h[electronic resource] /
_cE. W. Hornung
260 _bProject Gutenberg,
_c2012
506 _aPublic domain in the USA.
516 _aElectronic text
830 0 _aProject Gutenberg
_v41658
856 4 0 _uhttp://www.gutenberg.org/ebooks/41658
942 _cEB
999 _c270910
_d270910